Sermones del Padre Carlos de la Rue, predicador de Luis XIV. Rey de Francia / traducidos al español por el Padre Don Pedro Diaz de Guereñu, presbytero de la Congregacion de Clerigos Reglares de San Cayetano

Detalles Bibliográficos
Autor principal: La Rue, Charles de, S. J., 1643-1725
Otros Autores: Díaz de Guereñu, Pedro, C. R., tr, Marín, Pedro, 1763-1790, imp, Llera, Juan de, librero, Luis XIV, rey de Francia, 1643-1715
Formato: Libro
Lenguaje:Spanish
Publicado: en Madrid : en la oficina de Pedro Marin ; se hallará con la obra de Massillon, y el año panegirico, en la libreria de Juan de Llera, Plazuela del Angel, junto à la neveria, 1781.
Materias:
Colección:Banco de datos
Acervo:Catálogo bibliográfico de los libros antiguos del Seminario Conciliar San José de la Diócesis de Cuernavaca. Morelos
Descripción Física:4 t. ; 4°
Tema general:Homilética
Notas:Portada tipográfica con viñeta y plecas en grabado xilográfico. Texto a renglón seguido con paginación en números arábigos, cornisas, notas a pie de página, reclamos y signaturas. Cada tomo con portada y paginación propias. Año del t. 2 publicado en 1781. Paginación: t. 2 [2] h., 395 p. Incluye cabeceras de título con motivos florales en grabado xilográfico. Incluye capitulares historiadas y viñetas finales con motivos florales en grabado xilográfico. Encuadernación en piel sobre cartón. Daños por humedad
LEADER 01688nam a22002410004500
035 |a 71 
041 0 |a spa 
100 1 |a La Rue, Charles de, S. J., 1643-1725 
245 1 0 |a Sermones del Padre Carlos de la Rue, predicador de Luis XIV. Rey de Francia / traducidos al español por el Padre Don Pedro Diaz de Guereñu, presbytero de la Congregacion de Clerigos Reglares de San Cayetano 
260 |a en Madrid : en la oficina de Pedro Marin ; se hallará con la obra de Massillon, y el año panegirico, en la libreria de Juan de Llera, Plazuela del Angel, junto à la neveria, 1781. 
300 |a 4 t. ; 4° 
500 |a Portada tipográfica con viñeta y plecas en grabado xilográfico. Texto a renglón seguido con paginación en números arábigos, cornisas, notas a pie de página, reclamos y signaturas. Cada tomo con portada y paginación propias. Año del t. 2 publicado en 1781. Paginación: t. 2 [2] h., 395 p. Incluye cabeceras de título con motivos florales en grabado xilográfico. Incluye capitulares historiadas y viñetas finales con motivos florales en grabado xilográfico. Encuadernación en piel sobre cartón. Daños por humedad 
504 |a Al principio del t. 2 están la tabla de contenido y la fe de erratas 
505 0 0 |a t. 2 Adviento 
650 1 0 |a Homilética 
700 1 |a Díaz de Guereñu, Pedro, C. R., tr. 
700 1 |a Marín, Pedro, 1763-1790, imp. 
700 1 |a Llera, Juan de, librero 
700 1 |a Luis XIV, rey de Francia, 1643-1715 
949 |a Fondo antiguo, t. 2 (85) 
942 |c CUERNAVACA 
943 |g Catálogo bibliográfico de los libros antiguos del Seminario Conciliar San José de la Diócesis de Cuernavaca. Morelos 
999 |c 1079792  |d 1079792